Ordered cones and approximation

Αποθηκεύτηκε σε:
Λεπτομέρειες βιβλιογραφικής εγγραφής
Κύριος συγγραφέας: Keimel, Klaus
Άλλοι συγγραφείς: Roth, Walter 1947-
Μορφή: Βιβλίο
Γλώσσα:English
Δημοσίευση: Berlin ; New York : Springer-Verlag, c1992
Σειρά:Lecture notes in mathematics (Springer-Verlag) ; 1517
Θέματα:
Ετικέτες: Προσθήκη ετικέτας
Δεν υπάρχουν, Καταχωρήστε ετικέτα πρώτοι!

MARC

LEADER 00000cam a2200000 i 4500
001 1/27523
008 960426s1992 eng d
020 |a 3540554459 
020 |a 0387554459 
035 |l 10037846 
035 |a 1995 
040 |a GR-MY-UA  |b gre  |e aacr 
041 0 |a eng 
082 0 |a 515.724  |2 (20) 
100 1 |a Keimel, Klaus. 
245 1 0 |a Ordered cones and approximation /  |c Klaus Keimel, Walter Roth 
260 |a Berlin ; New York :   |b Springer-Verlag,   |c c1992 
300 |a vi, 134 p.;  |c 25 cm 
490 1 |a Lecture notes in mathematics (Springer-Verlag)  |v ; 1517 
504 |a Includes bibliographical references (p. [129]-132) and index 
650 0 0 |a Cones (Operator theory) 
650 0 0 |a Approximation theory. 
700 1 |a Roth, Walter  |d 1947- 
830 0 |a Lecture notes in mathematics (Springer-Verlag)  |v ; 1517 
852 |a INST  |b SAMOS  |e 19960426  |h 515.724 KEI  |p 005300005359  |q 005300005359  |t BK  |y 0 
909 |a Σ  |b 039389